00850 a2200217 45000010006000000050017000060080041000230030015000640400040000790800039001192450091001580200018002492640034002673000019003015050213003201000021005337000023005547000021005777000017005987000017006153463420260407155632.0260407a1994 arg spa dAR-UNSa-BCEJYS aAR-UNSa-BCEJYSbspacAR-UNSa-BCEJYS a658.012xMétodos (Management...)10aLa quinta disciplina en la prácticapcómo construir una organización inteligente a87-7577-393-1 1aBuenos Aires :bGranicac1994 a593 p.c23 cm. a1. Los primneros pasos - 2. Pensamiento sistémico - 3. Dominio personal - 4. Modelos mentales - 5. Visiones compartidas - 6. Aprendizaje en equipo - 7. Aplicaciones prácticas - 8. Fronteras - 9. Apostilla1 aSenge, Perter M.1 aRoberts, Charlotte1 aRoss, Richard B.1 aSmith, Bryan1 akleiner, Art